000 00547nam a22001697a 4500
020 _qHard Cover.
082 _a004
100 _aTalaha Mahmood ; Basim Manan
245 _aSCRIBBLES /
_cTalaha Mahmood ; Basim Manan
260 _aIslamabad :
_bSEECS - NUST,
_c2019.
300 _a42 p. : ill. ;
_c30cm.
650 _aSoftware Engineering-Project Report.
_930818
700 _aDr. Muhammad Shahzad.
856 _uhttp://10.250.8.41:8080/xmlui/handle/123456789/20815
942 _2ddc
_cPR
999 _c535956
_d535956